| 000 | 00371nam a2200145Ia 4500 | ||
|---|---|---|---|
| 008 | 150201s2009 xx 000 0 und d | ||
| 082 |
_a614.1 _bH09C |
||
| 100 | _aCHADA,P VIJAY | ||
| 245 | _aHAND BOOK OF FORENSIC MDEDICINE & TOXICOLOGY | ||
| 250 | _a5TH | ||
| 260 |
_bJAYPEE BROTHERS _aDELHI _c2009 |
||
| 300 | _a1-336 | ||
| 650 | _aFORENSIC MEDICINE | ||
| 942 |
_2ddc _cBK _03 |
||
| 999 |
_c498 _d498 |
||